|
|
|
|
| LEADER |
00686ncm a22002172a 4500 |
| 001 |
001217050 |
| 003 |
CZ BrMZK |
| 005 |
20120903120454.0 |
| 007 |
qu |
| 008 |
120528s1900 xr |||||||||||||||||zxx d |
| 040 |
|
|
|a BOA001
|b cze
|
| 072 |
|
7 |
|a 786
|x Hudba pro klávesové nástroje
|2 Konspekt
|9 9
|
| 100 |
1 |
|
|a Komzák, Karel,
|d 1823-1893
|7 ola2002101301
|4 cmp
|
| 245 |
1 |
0 |
|a Wiener Volksmusik
|h [hudebnina] :
|b Potpourri /
|c Karel Komzák st.
|
| 260 |
|
|
|a Prag :
|b Starý,
|c [1900?]
|
| 300 |
|
|
|a 15 s.
|
| 500 |
|
|
|a Pro klavír
|
| 910 |
|
|
|a BOA001
|b Mus4-0380.433
|
| 990 |
|
|
|a MU
|
| 991 |
|
|
|b 201205
|
| 996 |
6 |
|
|b 2619612700
|c Mus4-0380.433
|l MZK
|r Sklad / do 1 hodiny
|n 0
|w 001250767
|u 000010
|a 1
|e BOA001
|j MZK50
|s P
|